Design principles and performance analysis of low profile multi-functional metasurfaces (Record no. 115950)

MARC details
000 -LEADER
fixed length control field 00421nam a22001337a 4500
005 - DATE AND TIME OF LATEST TRANSACTION
control field 20260316125446.0
008 - FIXED-LENGTH DATA ELEMENTS--GENERAL INFORMATION
fixed length control field 260316b |||||||| |||| 00| 0 eng d
100 ## - MAIN ENTRY--PERSONAL NAME
Personal name Neema K.
245 ## - TITLE STATEMENT
Title Design principles and performance analysis of low profile multi-functional metasurfaces
260 ## - PUBLICATION, DISTRIBUTION, ETC. (IMPRINT)
Place of publication, distribution, etc Kochi
Name of publisher, distributor, etc Department of Electronics, CUSAT
Date of publication, distribution, etc 2025
300 ## - PHYSICAL DESCRIPTION
Extent xxvi,166p.
700 ## - ADDED ENTRY--PERSONAL NAME
Personal name Guided by Deepti Das Krishna
942 ## - ADDED ENTRY ELEMENTS (KOHA)
item type Under processing
Holdings
Lost status Source of classification or shelving scheme Not for loan Home library Current library Date acquired Total Checkouts Barcode Date last seen Price effective from Koha item type
  Universal Decimal Classification Not For Loan University Library University Library 16/03/2026   T0002454 16/03/2026 16/03/2026 Under processing
University Library, CUSAT